| 000 | 00612nam a2200193Ia 4500 | ||
|---|---|---|---|
| 008 | 240729s9999 xx 000 0 und d | ||
| 022 | _a1669-9637 | ||
| 245 | 0 | _aRevista de la Unión Matemática Argentina | |
| 260 | _aArgentina | ||
| 260 | _bUnión Matemática Argentina | ||
| 650 | _a Applied mathematics. Quantitative methods | Science | ||
| 650 | _a Industrial engineering. Management engineering | ||
| 650 | _a Mathematics | ||
| 650 | _a Technology (General) | ||
| 650 | _aTechnology | ||
| 856 | _uhttps://doaj.org/toc/d21c4dbb5c144eab91ee20111e27fbf4 | ||
| 942 | _2ddc | ||
| 942 | _cDOAJEJ | ||
| 999 |
_c69389 _d69389 |
||
| 945 |
_a1 _bMadushi Gamage _c1 _dMadushi Gamage |
||